[Event "43rd World Open"]
[Site "Arlington, VA"]
[Date "2015.07.05"]
[Round "9"]
[White "Burke, John"]
[Black "Subramanian, Arun"]
[Result "1-0"]
[WhiteElo "2258"]
[BlackElo "2496"]
[PlyCount "71"]
[EventDate "2015.07.??"]
[EventType "swiss"]
[EventRounds "9"]
[EventCountry "USA"]

1. e4 c5 2. Nf3 d6 3. Nc3 a6 4. d4 cxd4 5. Nxd4 Nf6 6. Be3 e5 7. Nb3 Be6 8. f3
h5 9. Qd2 Nbd7 10. Nd5 Bxd5 11. exd5 g6 12. Be2 Qc7 13. Na5 Bg7 14. O-O O-O 15.
c4 Rfe8 16. b4 e4 17. f4 b6 18. Nc6 a5 19. a3 Ng4 20. Bd4 e3 21. Qc3 Bxd4 22.
Nxd4 Ndf6 23. h3 Nf2 24. Nc6 Nh7 25. Rae1 axb4 26. axb4 Ra2 27. Bf3 Qd7 28. Ra1
Rxa1 29. Rxa1 Nxh3+ 30. gxh3 Qxh3 31. Ne7+ Kf8 32. Nxg6+ fxg6 33. Qh8+ Ke7 34.
Ra7+ Kd8 35. Ra8+ Kc7 36. Qxh7+ 1-0

[Event "43rd World Open"]
[Site "Arlington, VA"]
[Date "2015.07.05"]
[Round "9"]
[White "Troff, Kayden"]
[Black "Chandran, Kapil"]
[Result "1-0"]
[WhiteElo "2545"]
[BlackElo "2257"]
[PlyCount "93"]
[EventDate "2015.07.??"]
[EventType "swiss"]
[EventRounds "9"]
[EventCountry "USA"]

1. d4 Nf6 2. c4 e6 3. Nf3 c5 4. d5 b5 5. Bg5 Qa5+ 6. Nc3 Ne4 7. Bd2 Nxd2 8.
Nxd2 b4 9. Nce4 Qd8 10. e3 d6 11. a3 bxa3 12. Rxa3 e5 13. b4 f5 14. Nc3 cxb4
15. Qa4+ Nd7 16. Qxb4 Nc5 17. Nb3 Nxb3 18. Qxb3 Bd7 19. Be2 Be7 20. c5 dxc5 21.
d6 Bxd6 22. Qd5 Ke7 23. Bc4 Rf8 24. Ra6 Qb8 25. Nb5 Rf6 26. Rxd6 Rxd6 27. Qf7+
Kd8 28. Qf8+ Be8 29. Qxd6+ Qxd6 30. Nxd6 g6 31. Kd2 Bc6 32. Nf7+ Kc7 33. Nxe5
Bxg2 34. Ra1 a5 35. f3 Re8 36. Nd3 Bxf3 37. Rxa5 Re7 38. Ra7+ Kd6 39. Ra6+ Kc7
40. Nxc5 Bc6 41. Ne6+ Kd7 42. Nd4 Be4 43. Rf6 Rg7 44. Ke2 h5 45. Bb5+ Ke7 46.
Re6+ Kf8 47. Rxe4 1-0

[Event "43rd World Open"]
[Site "Arlington, VA"]
[Date "2015.07.05"]
[Round "9"]
[White "Lee, Michael"]
[Black "Katz, Alexander"]
[Result "1/2-1/2"]
[WhiteElo "2416"]
[BlackElo "2320"]
[PlyCount "85"]
[EventDate "2015.07.??"]
[EventType "swiss"]
[EventRounds "9"]
[EventCountry "USA"]

1. c4 e5 2. Nc3 Nc6 3. g3 g6 4. Bg2 Bg7 5. d3 d6 6. Rb1 Be6 7. b4 a6 8. a4 Qd7
9. h4 Nf6 10. Nd5 O-O 11. Bg5 Nh5 12. b5 axb5 13. axb5 Nd4 14. Nc3 c6 15. e3 f6
16. exd4 exd4 17. bxc6 bxc6 18. Bd2 dxc3 19. Bxc3 Rae8 20. Kf1 f5 21. Bxg7 Kxg7
22. Bf3 Nf6 23. Nh3 d5 24. c5 d4 25. Rb4 Rb8 26. Qb1 Rxb4 27. Qxb4 Bd5 28. Ng1
f4 29. gxf4 Bxf3 30. Nxf3 Nd5 31. Qxd4+ Kg8 32. Ne5 Qe6 33. f5 Rxf5 34. Ng4 Rf4
35. Nh6+ Kf8 36. Qh8+ Ke7 37. Qxh7+ Ke8 38. Qh8+ Rf8 39. Qb2 Nf4 40. Qb8+ Kd7
41. Qb7+ Ke8 42. Qb8+ Kd7 43. Qb7+ 1/2-1/2

[Event "43rd World Open"]
[Site "Arlington, VA"]
[Date "2015.07.05"]
[Round "9"]
[White "Hua, David"]
[Black "Li, Ruifeng"]
[Result "1/2-1/2"]
[WhiteElo "2301"]
[BlackElo "2394"]
[PlyCount "82"]
[EventDate "2015.07.??"]
[EventType "swiss"]
[EventRounds "9"]
[EventCountry "USA"]

1. d4 Nf6 2. c4 e6 3. Nf3 b6 4. g3 Bb7 5. Bg2 Bb4+ 6. Bd2 Bxd2+ 7. Qxd2 O-O 8.
O-O d6 9. Nc3 Ne4 10. Nxe4 Bxe4 11. Nh4 Bxg2 12. Nxg2 Qe7 13. Nf4 c5 14. Rfd1
Nc6 15. e3 Rad8 16. h4 Qf6 17. d5 Ne7 18. e4 e5 19. Ng2 h6 20. Qe2 Qg6 21. h5
Qg5 22. f4 Qf6 23. Rf1 Rde8 24. f5 Kh8 25. Ne3 Qg5 26. Kg2 Ng8 27. f6 g6 28.
hxg6 Nxf6 29. Rf5 Qxg6 30. Qf3 Nh7 31. Rh1 Ng5 32. Rxg5 Qxg5 33. Rh5 Qg6 34.
Nf5 Kh7 35. Rxh6+ Qxh6 36. Nxh6 Kxh6 37. Qf6+ Kh7 38. Qxd6 Kg7 39. g4 f6 40.
Qd7+ Kg6 41. Qxa7 Ra8 1/2-1/2

[Event "43rd World Open"]
[Site "Arlington, VA"]
[Date "2015.07.05"]
[Round "9"]
[White "Shetty, Atulya"]
[Black "Studen, Damir"]
[Result "1-0"]
[WhiteElo "2368"]
[BlackElo "2259"]
[PlyCount "133"]
[EventDate "2015.07.??"]
[EventType "swiss"]
[EventRounds "9"]
[EventCountry "USA"]

1. c4 c5 2. g3 g6 3. Bg2 Bg7 4. Nc3 Nc6 5. Nf3 b6 6. O-O Bb7 7. e3 Nf6 8. d4 d6
9. b3 O-O 10. Bb2 e6 11. Qe2 cxd4 12. exd4 d5 13. Rfd1 Rc8 14. Rac1 Bh6 15. Rb1
Ba6 16. Ne5 Re8 17. Qf3 Bg7 18. g4 Qc7 19. Nxc6 Qxc6 20. g5 Nh5 21. cxd5 exd5
22. Nxd5 Qc2 23. Ne3 Be2 24. Nxc2 Bxf3 25. Bxf3 Rxc2 26. Bc1 Bxd4 27. Rxd4 Re1+
28. Kg2 Rexc1 29. Rxc1 Rxc1 30. Rd7 Rc5 31. h4 Ra5 32. Bxh5 gxh5 33. a4 Rc5 34.
Rxa7 Rc3 35. b4 Rc4 36. b5 Rxh4 37. Ra6 Kg7 38. f3 Rb4 39. Kg3 h4+ 40. Kh3 Rf4
41. Rxb6 Rxa4 42. Rd6 Ra3 43. Kxh4 Rxf3 44. Kg4 Rb3 45. b6 Rb4+ 46. Kf5 Rb5+
47. Kf4 Rb4+ 48. Ke5 Rb5+ 49. Kf4 Rb4+ 50. Ke5 Rb5+ 51. Kd4 Rxg5 52. Rd5 Rg6
53. Kc5 Re6 54. b7 Re8 55. Kb6 Kg6 56. Rc5 Rb8 57. Rc8 Rxb7+ 58. Kxb7 h5 59.
Kc6 Kf5 60. Kd5 h4 61. Rh8 Kg4 62. Ke4 Kg3 63. Ke3 h3 64. Rg8+ Kh2 65. Kf2 f5
66. Rh8 f4 67. Rh7 1-0

[Event "43rd World Open"]
[Site "Arlington, VA"]
[Date "2015.07.05"]
[Round "9"]
[White "Santarius, Erik"]
[Black "Homa, Seth"]
[Result "0-1"]
[WhiteElo "2266"]
[BlackElo "2365"]
[PlyCount "116"]
[EventDate "2015.07.??"]
[EventType "swiss"]
[EventRounds "9"]
[EventCountry "USA"]

1. e4 e5 2. Nf3 Nc6 3. Bb5 a6 4. Ba4 Nf6 5. O-O Be7 6. d3 d6 7. c3 O-O 8. Re1
b5 9. Bb3 Na5 10. Bc2 c5 11. Nbd2 Nc6 12. Nf1 h6 13. Ng3 Re8 14. h3 Be6 15. a3
Bf8 16. d4 cxd4 17. cxd4 exd4 18. Nxd4 Nxd4 19. Qxd4 Rc8 20. Qd3 Qc7 21. Bb1
Qc4 22. Bd2 Qxd3 23. Bxd3 Nd7 24. Bc3 Nc5 25. Bf1 d5 26. exd5 Bxd5 27. Rxe8
Rxe8 28. Rd1 Bb3 29. Rd2 Na4 30. Ba5 g6 31. Ne2 Bc4 32. Ng3 Bb3 33. Ne2 Bc4 34.
Ng3 Bg7 35. Bxc4 bxc4 36. Bc3 Re1+ 37. Kh2 Nxc3 38. bxc3 h5 39. Ne2 Ra1 40. Kg3
Rxa3 41. Rc2 a5 42. Kf3 f5 43. Ke3 a4 44. Nd4 Kf7 45. Nb5 Rb3 46. Nd6+ Ke6 47.
Nxc4 Bxc3 48. Nd2 Bxd2+ 49. Kxd2 Kd5 50. Kc1 Kd4 51. Rd2+ Kc3 52. Rd6 a3 53.
Rc6+ Kd3 54. Ra6 g5 55. Ra5 f4 56. f3 Ke3 57. Rxg5 a2 58. Kc2 Ra3 0-1

[Event "43rd World Open"]
[Site "Arlington, VA"]
[Date "2015.07.05"]
[Round "9"]
[White "Del Mundo, Anton"]
[Black "Kretchetov, Alexander"]
[Result "1/2-1/2"]
[WhiteElo "2262"]
[BlackElo "2327"]
[PlyCount "136"]
[EventDate "2015.07.??"]
[EventType "swiss"]
[EventRounds "9"]
[EventCountry "USA"]

1. d4 d5 2. c4 c6 3. Nc3 Nf6 4. e3 g6 5. Nf3 Bg7 6. Bd3 O-O 7. O-O Bg4 8. h3
Bxf3 9. Qxf3 e6 10. Rd1 Nbd7 11. b3 Re8 12. Bb2 Qe7 13. cxd5 exd5 14. a3 a5 15.
Qf4 Nf8 16. Re1 Ne6 17. Qg3 Nh5 18. Qf3 Nf6 19. a4 Bf8 20. Ba3 Qd8 21. Bxf8
Kxf8 22. Reb1 Qe7 23. h4 Kg7 24. Na2 Nd7 25. g3 Nb6 26. Qd1 Nc8 27. b4 axb4 28.
Nxb4 Ra5 29. Qd2 Qc7 30. Qb2 f6 31. e4 dxe4 32. Bxe4 Nd6 33. Bg2 Nd8 34. Qc3
Re7 35. Nd3 Ne6 36. Nc5 Ra7 37. Nxe6+ Rxe6 38. d5 Re5 39. dxc6 bxc6 40. Qxc6
Qe7 41. Bd5 Rc7 42. Qa8 Rc8 43. Qa5 Rd8 44. Re1 Re8 45. Red1 Ne4 46. Rac1 Rd8
47. Qc7 Qxc7 48. Rxc7+ Kh6 49. Bb3 Rxd1+ 50. Bxd1 Nxg3 51. Bb3 Nf5 52. Bg8 Kh5
53. Rxh7+ Kg4 54. Kf1 Nxh4 55. Bc4 g5 56. Be2+ Kh3 57. Rb7 f5 58. Rb5 Re4 59.
Rb3+ Kh2 60. Ra3 f4 61. a5 f3 62. Bxf3 Nxf3 63. Rxf3 Ra4 64. Rf5 Ra1+ 65. Ke2
g4 66. Ke3 Kg2 67. Kf4 Kxf2 68. Kxg4+ Ke3 1/2-1/2

[Event "43rd World Open"]
[Site "Arlington, VA"]
[Date "2015.07.05"]
[Round "9"]
[White "Acor, Corey"]
[Black "Onabogun, Kolade"]
[Result "0-1"]
[WhiteElo "2280"]
[BlackElo "2142"]
[PlyCount "101"]
[EventDate "2015.07.??"]
[EventType "swiss"]
[EventRounds "9"]
[EventCountry "USA"]

1. e4 c5 2. Nc3 Nc6 3. g3 g6 4. Bg2 Bg7 5. d3 d6 6. Be3 Nf6 7. h3 O-O 8. Qd2
Nd4 9. Nd1 Re8 10. c3 Nc6 11. Ne2 Rb8 12. O-O b6 13. d4 Qc7 14. f4 e5 15. fxe5
dxe5 16. d5 Na5 17. b3 Nb7 18. Bh6 Nd6 19. Bxg7 Kxg7 20. Qe3 b5 21. g4 h6 22.
Ng3 c4 23. Qf3 Qe7 24. b4 a5 25. a3 Ra8 26. Ne3 Bd7 27. Nc2 Rec8 28. Qe3 Be8
29. g5 Ng8 30. h4 Qa7 31. Bh3 Rc7 32. Rfe1 f6 33. Be6 Bf7 34. Bxf7 Rxf7 35.
gxh6+ Nxh6 36. Kg2 Qxe3 37. Nxe3 Rfa7 38. bxa5 f5 39. Nc2 f4 40. Nf1 g5 41.
hxg5 Nhf7 42. Nd2 Nxg5 43. Nf3 Kf6 44. Nxg5 Rg8 45. Kf3 Rxg5 46. Rg1 Rxg1 47.
Rxg1 Rxa5 48. Rh1 Nf7 49. Rh5 Kg6 50. Kg4 Ra8 51. Kh4 0-1

[Event "43rd World Open"]
[Site "Arlington, VA"]
[Date "2015.07.05"]
[Round "9"]
[White "Rohan, Ahuja"]
[Black "Larson, Matthew"]
[Result "1-0"]
[WhiteElo "2322"]
[BlackElo "2160"]
[PlyCount "63"]
[EventDate "2015.07.??"]
[EventType "swiss"]
[EventRounds "9"]
[EventCountry "USA"]

1. Nf3 c5 2. c4 Nc6 3. Nc3 e5 4. g3 g6 5. Bg2 Bg7 6. O-O d6 7. a3 a5 8. Ne1 Be6
9. d3 Nge7 10. Nc2 d5 11. cxd5 Nxd5 12. Ne3 Nb6 13. Na4 Nxa4 14. Bxc6+ bxc6 15.
Qxa4 O-O 16. Nc4 Bh3 17. Rd1 Qd5 18. f3 Qe6 19. Be3 f5 20. Nb6 Rab8 21. Qc4 f4
22. Bxc5 Rfd8 23. g4 Rd5 24. Bf2 h5 25. Nxd5 cxd5 26. Qc7 Rc8 27. Qb6 Qe7 28.
Rac1 Rf8 29. Bc5 Qg5 30. Bxf8 hxg4 31. Qe6+ Kh7 32. Qe7 1-0

[Event "43rd World Open Armageddon Playoff"]
[Site "Arlington, VA"]
[Date "2015.07.05"]
[Round "10.1"]
[White "Lenderman, Aleksandr"]
[Black "Mamedov, Rauf"]
[Result "1-0"]
[WhiteElo "2623"]
[BlackElo "2639"]
[PlyCount "107"]
[EventDate "2015.07.??"]
[EventType "swiss"]
[EventRounds "9"]
[EventCountry "USA"]
[WhiteClock "0:01:24"]
[BlackClock "0:00:55"]

1. c4 e5 2. g3 Nf6 3. Bg2 g6 4. Nf3 d6 5. d4 exd4 6. Nxd4 Bg7 7. Nc3 O-O 8. O-O
Nbd7 9. e4 a6 10. Re1 Rb8 11. h3 Re8 12. Rb1 Ne5 13. b3 c5 14. Nc2 Be6 15. a4
Nc6 16. Bb2 Qa5 17. Ba1 Rbd8 18. Kh2 Ne5 19. f4 Nc6 20. Qd2 Nd4 21. b4 Qc7 22.
Nxd4 cxd4 23. Nd5 Nxd5 24. cxd5 Bd7 25. a5 Rc8 26. Rbc1 Qb8 27. Bxd4 Rxc1 28.
Rxc1 Bxd4 29. Qxd4 Rc8 30. Rxc8+ Qxc8 31. Qf6 Bb5 32. Qxd6 Qc2 33. Qc5 Qd2 34.
e5 Bf1 35. Qg1 Bb5 36. d6 Qxb4 37. Qb6 Qd2 38. Qxb7 h5 39. Qd5 Qxa5 40. e6 Qd8
41. e7 Qe8 42. Qe5 Qc8 43. Be4 Be8 44. f5 Qc4 45. Bg2 Qb5 46. Qxb5 axb5 47. f6
b4 48. Bd5 g5 49. h4 gxh4 50. gxh4 Kh7 51. Bxf7 b3 52. Bxb3 Kg6 53. f7 Bxf7 54.
d7 1-0